000 00689cam a22002533a 4500
001 31929
003 PGUSA
005 20140828083706.0
008 100409s2010||||xxu|||||s|||||000 1 eng d
040 _aPGUSA
_beng
042 _adc
050 4 _aPS
100 1 _aGallun, Raymond Z.,
_d1911-1994
245 1 0 _aBig Pill
_h[electronic resource] /
_cRaymond Z. Gallun
260 _bProject Gutenberg,
_c2010
506 _aPublic domain in the USA.
516 _aElectronic text
653 _aSpace colonies -- Fiction
653 _aScience fiction
653 _aShort stories
830 0 _aProject Gutenberg
_v31929
856 4 0 _uhttp://www.gutenberg.org/ebooks/31929
942 _cEB
999 _c261184
_d261184